Central Library OPAC University of Rajshahi

Buddhism in Pakistan / (Record no. 31751)

MARC details
000 -LEADER
fixed length control field 00674cam a22002411 4500
001 - CONTROL NUMBER
control field 31751
003 - CONTROL NUMBER IDENTIFIER
rucl marc code BD-RjUL
005 - DATE AND TIME OF LATEST TRANSACTION
control field 20211209051738.0
008 - FIXED-LENGTH DATA ELEMENTS--GENERAL INFORMATION
fixed length control field 140422s1955 pk c 000 0 eng
035 ## - SYSTEM CONTROL NUMBER
System control number (BD-RjUL)31839
System control number (OCoLC)2725045
040 ## - CATALOGING SOURCE
Original cataloging agency DLC
Transcribing agency DGW
Modifying agency DLC
-- BD-RjUL
Language of cataloging eng
041 ## - LANGUAGE CODE
Language code of text/sound track or separate title eng
082 ## - DEWEY DECIMAL CLASSIFICATION NUMBER
Classification number 294.30954
Author mark and year BUD 1955
245 00 - TITLE STATEMENT
Title Buddhism in Pakistan /
Statement of responsibility, etc. by a Pakistani Buddhist.
260 ## - PUBLICATION, DISTRIBUTION, ETC. (IMPRINT)
Place of publication, distribution, etc. Karachi :
Name of publisher, distributor, etc. Pakistan Publications,
Date of publication, distribution, etc. 1955.
300 ## - PHYSICAL DESCRIPTION
Pagination 57 p. :
Illustrations Port. ;
Size 21 cm.
650 #0 - SUBJECT ADDED ENTRY--TOPICAL TERM
Topical term or geographic name as entry element Buddhism
Geographic subdivision Pakistan.
9 (RLIN) 96625
700 0# - ADDED ENTRY--PERSONAL NAME
Personal name A Pakistani Buddhist.
942 ## - ADDED ENTRY ELEMENTS (KOHA)
Source of classification or shelving scheme Dewey Decimal Classification
Koha item type Books
Holdings
Lost status Source of classification or shelving scheme Damaged status Not for loan Collection code Permanent Location Current Location Shelving location Date acquired Source of acquisition Cost, normal purchase price Total Checkouts Full call number Date last seen Copy number Koha item type
  Dewey Decimal Classification   Not For Loan Non-fiction Central Library, University of Rajshahi Central Library, University of Rajshahi Reading Room 15/03/1956 U. B. D. 2.80   294.30954 BUD 1955 22/04/2014 C-1 Books
  Dewey Decimal Classification     Non-fiction Central Library, University of Rajshahi Central Library, University of Rajshahi   15/03/1956 U. B. D. 2.80   294.30954 BUD 1955 22/04/2014 C-2 Books
  Dewey Decimal Classification     Non-fiction Central Library, University of Rajshahi Central Library, University of Rajshahi   15/03/1956 U. B. D. 2.80   294.30954 BUD 1955 22/04/2014 C-4 Books
  Dewey Decimal Classification     Non-fiction Central Library, University of Rajshahi Central Library, University of Rajshahi   31/05/1968 Pakistan book centre 2.50   294.30954 BUD 1963 23/04/2014 C-3 Books